Nalaganje...
The naked blogger of Cairo
| Glavni avtor: | |
|---|---|
| Format: | Printed Book |
| Izdano: |
Harvard University Press, Cambridge
2016
|
| Teme: |
| LEADER | 00427nam a2200157 4500 | ||
|---|---|---|---|
| 082 | |||
| 100 | |a Kraidy, Marwan M | ||
| 245 | |a The naked blogger of Cairo |c Kraidy, Marwan M | ||
| 250 | |||
| 260 | |a Harvard University Press, Cambridge |c 2016 | ||
| 300 | |||
| 490 | |||
| 650 | |a English essays criticism--Literature | ||
| 942 | |c BK | ||
| 999 | |c 193560 |d 193560 | ||
| 952 | |0 0 |1 0 |4 0 |7 0 |9 206909 |a ISL |b ISL |l 0 |p ISL07369 |r 2019-10-28 |w 2019-10-28 |y BK | ||